01528nam a2200241 a 450000100060000000300080000600500170001400800410003103500190007204000310009104100080012208200220013024502350015226000420038730000290042950400290045850506020048760000420108965000150113170000560114670000220120285600620122471671BD-RjUL20211209082138.0170507s1956 enkac b 010 0deng d a(BD-RjUL)71887 aDLC/ICUcICUdBD-RjULbeng aeng00a531223bSUR 195610aSurveys in mechanics;ba collection of surveys of the present position of research in some branches of mechanics, written in commemoration of the 70th birthday of Geoffrey Ingram Taylor /cEdited by G.K. Batchelor and R.M. Davies. aCambridge :bUniversity Press,c1956. a475 p. :bill. ;c22 cm. aIncludes bibliographies.0 aG.I. Taylor: a biographical note, by R.V. Southwell.--The mechanics of quasi-static plastic deformation in metals, by R. Hill.--Dislocations in crystalline solids, by N.F. Mott.--Stress waves in solids, by R.M. Davies.--Rotating fluids, by H.B. Squire.--The mechanics of drops and bubbles, by W.R. Lane and H.L. Green.--Wave generation by wind, by F. Ursell.--Viscosity effects in sound waves of finite amplitude, by M.J. Lighthill.--Turbulent diffusion, by G.K. Batchelor and A.A. Townsend.--Atmospheric turbulence, by T.H. Ellison.--The mechanics of sailing ships and yachts, by K.S.M. Davidson.10aTaylor, Geoffrey Ingram,cSir,d1886- 0aMechanics.1 aDavies, R. M.q(Rhisiart Morgan),d1903-ejoint ed.1 aBatchelor, G. K.  3Cambridge monographs on mechanics and applied mathematics